Ship and mobile offshore unit automation : (Record no. 27463)
[ view plain ]
| 000 -LEADER | |
|---|---|
| fixed length control field | 03261cam a2200409 i 4500 |
| 001 - CONTROL NUMBER | |
| control field | on1112702079 |
| 003 - CONTROL NUMBER IDENTIFIER | |
| control field | OCoLC |
| 005 - DATE AND TIME OF LATEST TRANSACTION | |
| control field | 20240801172021.0 |
| 006 - FIXED-LENGTH DATA ELEMENTS--ADDITIONAL MATERIAL CHARACTERISTICS | |
| fixed length control field | a|||||o|||| 00| 0 |
| 007 - PHYSICAL DESCRIPTION FIXED FIELD--GENERAL INFORMATION | |
| fixed length control field | cr cnu---unuuu |
| 008 - FIXED-LENGTH DATA ELEMENTS--GENERAL INFORMATION | |
| fixed length control field | 190822s2019 mau ob 001 0 eng d |
| 015 ## - NATIONAL BIBLIOGRAPHY NUMBER | |
| National bibliography number | GBB9E0095 |
| Source | bnb |
| 016 7# - NATIONAL BIBLIOGRAPHIC AGENCY CONTROL NUMBER | |
| Record control number | 019504451 |
| Source | Uk |
| 020 ## - INTERNATIONAL STANDARD BOOK NUMBER | |
| International Standard Book Number | 9780128187241 |
| Qualifying information | (ePub ebook) |
| International Standard Book Number | 0128187247 |
| Canceled/invalid ISBN | 9780128187234 |
| 035 ## - SYSTEM CONTROL NUMBER | |
| System control number | (OCoLC)1112702079 |
| 040 ## - CATALOGING SOURCE | |
| Original cataloging agency | OPELS |
| Language of cataloging | eng |
| Description conventions | rda |
| -- | pn |
| Transcribing agency | OPELS |
| Modifying agency | UKMGB |
| -- | DKU |
| -- | UKAHL |
| -- | OCLCQ |
| -- | OCLCO |
| -- | K6U |
| -- | OCLCQ |
| 050 #4 - LIBRARY OF CONGRESS CALL NUMBER | |
| Classification number | TC1665 |
| 082 04 - DEWEY DECIMAL CLASSIFICATION NUMBER | |
| Classification number | 627.98 |
| Edition number | 23 |
| 100 1# - MAIN ENTRY--PERSONAL NAME | |
| Personal name | Pepli�nski, Henryk, |
| Relator term | author. |
| 245 10 - TITLE STATEMENT | |
| Title | Ship and mobile offshore unit automation : |
| Remainder of title | a practical guide / |
| Statement of responsibility, etc. | Henryk Pepli�nski. |
| 264 #1 - PRODUCTION, PUBLICATION, DISTRIBUTION, MANUFACTURE, AND COPYRIGHT NOTICE | |
| Place of production, publication, distribution, manufacture | Cambridge, MA : |
| Name of producer, publisher, distributor, manufacturer | Gulf Professional Publishing, an imprint of ElsevierGULF PROFESSIONAL, |
| Date of production, publication, distribution, manufacture, or copyright notice | 2019. |
| 300 ## - PHYSICAL DESCRIPTION | |
| Extent | 1 online resource (1 volume) |
| 336 ## - CONTENT TYPE | |
| Content type term | text |
| Content type code | txt |
| Source | rdacontent |
| 337 ## - MEDIA TYPE | |
| Media type term | computer |
| Media type code | c |
| Source | rdamedia |
| 338 ## - CARRIER TYPE | |
| Carrier type term | online resource |
| Carrier type code | cr |
| Source | rdacarrier |
| 504 ## - BIBLIOGRAPHY, ETC. NOTE | |
| Bibliography, etc. note | Includes bibliographical references and index. |
| 505 0# - FORMATTED CONTENTS NOTE | |
| Formatted contents note | Preamble -- General -- Type of operation, engine room and bridge -- IMO regulations -- Classification societies rule requirements -- International codes and standards -- Additional client requirements related to automation systems safety -- Application of maritime legislation, guidance and standards on automation systems -- Designing control and monitoring systems -- Procuring control and monitoring systems -- Integrated automation system (IAS) -- Safety management systems -- Position keeping systems -- Remote diagnostic systems -- Control and monitoring systems certification -- Control and monitoring systems installation -- Mechanical completion and commissioning of control and monitoring systems -- Control and monitoring systems maintenance -- Vessel/offshore unit certification -- Control and monitoring systems evolution and future. |
| 520 ## - SUMMARY, ETC. | |
| Summary, etc. | Ship and Mobile Offshore Unit Automation: A Practical Guide: A Practical Guide gives engineers a much-needed reference on relevant standards and codes, along with practical case studies on how to use these standards on actual projects and plans. Packed with the critical procedures necessary for each phase of the project, the book also gives an outlook on trends of development for control and monitoring systems, including usage of artificial intelligence in software development and prospects for the use of autonomous vessels. Rounding out with a glossary and introductory chapter specific to the new marine engineer just starting, this book delivers a source of valuable information to help offshore engineers be better prepared to safely and efficiently design today's offshore unit control systems. -- |
| Assigning source | Provided by publisher. |
| 588 0# - SOURCE OF DESCRIPTION NOTE | |
| Source of description note | Print version record. |
| 650 #0 - SUBJECT ADDED ENTRY--TOPICAL TERM | |
| Topical term or geographic name entry element | Offshore structures |
| General subdivision | Automation. |
| Topical term or geographic name entry element | Structures offshore |
| Authority record control number or standard number | (CaQQLa)201-0052398 |
| General subdivision | Automatisation. |
| Authority record control number or standard number | (CaQQLa)201-0378787 |
| 776 08 - ADDITIONAL PHYSICAL FORM ENTRY | |
| Relationship information | Print version: |
| Main entry heading | PEPLINSKI, HENRYK. |
| Title | SHIP AND MOBILE OFFSHORE UNIT AUTOMATION. |
| Place, publisher, and date of publication | [Place of publication not identified] : GULF PROFESSIONAL, 2019 |
| International Standard Book Number | 0128187239 |
| Record control number | (OCoLC)1091844885 |
| 856 40 - ELECTRONIC LOCATION AND ACCESS | |
| Materials specified | ScienceDirect |
| Uniform Resource Identifier | <a href="https://www.sciencedirect.com/science/book/9780128187234">https://www.sciencedirect.com/science/book/9780128187234</a> |
| 942 ## - ADDED ENTRY ELEMENTS (KOHA) | |
| Source of classification or shelving scheme | |
| Koha item type | E-Book |
No items available.